000 01821nam a2200385 c 4500
003 BLK
005 20180422115646.0
008 180411b bul|||||r ||||||| ||bul||
010 _aKNG00198559000
040 _aBLK
041 _aBUL
_cBUL
080 _aХидротерапия (водотерапия). Балнеолечение. Курортотерапия - Лечение с бани, горещи бани, сауна, хладни бани, речно къпане, влажни фрикции, компреси, с "жива вода"(алкално активирана, с ph 9, 6;курорт
_b615.838
_x(497.2)
_z615.838(497.2)
100 1 _aИванов, Камен Гоцов
_eпърви автор
_9337691
700 1 _aГеоргиева, Мария Иванова
_eсъавт.
_9382441
700 1 _aКривошиев, Георги Петров
_eсъавт.
_9337692
139 _aИванов, Камен Гоцов и др.
_bИ 21
245 1 0 _aВършец
_cКамен Гоцов Иванов; съавт. Мария Иванова Георгиева; съавт. Георги Петров Кривошиев.
250 _a3. доп. изд.
257 _aBGR
260 София
_bМедицина и физкултура
_c1977
_fПловдив : Д. Благоев
300 _a88 с.
_bс ил.
_c17 см
380 _a61
490 1 _aНаши курорти
500 _a1. изд. 1966. - 15 100 тир.
650 4 _aКурорти - България
_9319021
650 4 _aКурортотерапия - България
_9160017
651 4 _aБългария
_9241624
653 _aкурорти
653 _aВършец
852 _aЦб І 15322
856 4 _qpdf
_u
856 4 _qpdf
_u
942 _cKNG
_n0
944 _aCR
_c19.12.2016
_kЕлиз_Шакирова
944 _aED
_c19.12.2016
_kЕлиз_Шакирова
999 _c189515
_d189515